000 00242nam a22001097a 4500
082 _a624.1 CLA'M
100 _aCLARK, D. A. R
_958835
245 _aMATERIALS AND STRUCTURES
260 _aLONDON
_bBLACKIE
_c1960
300 _a388P
942 _cBK
999 _c568939
_d568939